1922 1883 1216 1587 1273 1592 1326 1245 1833 1014 1998 1226 1738 1753 1607 1987 1831 1934 1745 1047 1933 1488 1663 1163 1670 1179 1566 1092 1193 1625 1061 1328 1480 1940 1782 1242 1627 1973 1463 1785 1313 1800 1370 1182 1739 1363 1419 1694 1952 1123 1620 1447 1095 1537 1555 1692 1285 1748 1385 1219 1738 1925 1272 1055 1250 1958 1545 1117 1825 1199 1976 1248 1382 1916 1926 1891 1716 1820 1433 1213 1053 1554 1576 1238 1325 1781 1328 1561 1025 1478 1611 1614 1184 1315 1308 1300 1699 1960 1525 BCNSPRNW ULIB Ver.6.0+V

เปลี่ยนเป็นภาษาไทย

Change to English
 แสดงรายละเอียดบรรณานุกรม
  กลับหน้าหลัก

Brief Record : Get Marc (ISO 2709) : E-mail record : QR code < ปิดหน้าต่าง
LEADER : 00000nam 2200000uu 4500
001    13399127380
003     ULIB
008    020711s2020 th a 000 0 eng d
020    ^a9780323595421
060    ^aWY100^bH371U
100    ^aHaugen Nancy , Galura J. Sandra (Author)
245    ^aUlrich & Canale s Nursing Care Planning Guides: Prioritization, Delegation, and Clinical Reasoning
250    ^a8th ed
260    ^aSt.Louis, Missouri :^bELSEVIER,^c2020
300    ^a912 pages;^b28 cm
650    ^aNursing Care Planning
945    ^p1636^l0^i007048
999    ^aอังศุธร กาญจนาโรจน์พันธ์
รายการนี้ยังไม่มีแท็ก
คุณยังไม่ได้ล็อกอิน คุณสามารถมีกิจกรรมร่วมกับเว็บไซต์ได้ แต่ต้องล็อกอินก่อน ::
  ล็อกอิน

รายการสื่อสารสนเทศ

ลำดับที่ ประเภท เลขเรียก/บาร์โค้ด สถานที่ สถานะ
1. Book การพยาบาล
หนังสือสำรอง
สถานะ=หนังสือสำรอง
WY100 H371U ฉ.1 
  Barcode: 007048
ห้องสมุดวิทยาเขตสวรรค์ประชารักษ์
►หนังสือทั่วไป
บนชั้น

รายการใกล้เคียง
    ชื่อเรื่อง [Ulrich & Canale s Nursing Care Planning Guides: Prioritization, Delegation, and Clinical Reasoning]

    หัวเรื่อง [Nursing Care Planning]

BibComment


ยังไม่เคยถูกคอมเมนท์

คอมเมนท์ทรัพยากรรายการนี้
  คอมเมนท์: Ulrich Canale s..


 Copyright 2026. Bcnsprnw @Library